| 000 | 00613nam a2200205 a 4500 | ||
|---|---|---|---|
| 001 | 8233 | ||
| 003 | CO-ViMGA | ||
| 008 | 141112s2004 ck r 000 u spa d | ||
| 020 | _a9582401680 | ||
| 040 |
_aCO-ViMGA _bspa _cCO-ViMGA |
||
| 082 | 0 | 4 | _aCo864.44 M67c |
| 100 | 1 | _aMoreno Durán, R.H. | |
| 245 | 1 | 0 |
_aComo el Halcon Peregrino / _cMoreno Duran R.H. |
| 260 |
_aBogotá, _cSantillana, _c1995 |
||
| 300 | _a344 p. | ||
| 590 | _aForma de adquisición : donacion - - Proveedor : Biblioteca Luis Ángel Arango | ||
| 650 | 1 | 4 |
_aCritica literaria _94123 |
| 650 | 1 | 4 |
_aEnsayos colombianos _91215 |
| 942 |
_2ddc _cBK |
||
| 999 |
_c20043 _d20043 |
||